000 00497nam a2200169Ia 4500
999 _c34787
_d34787
003 OSt
005 20201224142717.0
008 190216s9999||||xx |||||||||||||| ||und||
040 _coclc
082 _a342
_bAND/C
100 _aAndrews, William G
_97868
245 0 _aConstitutions And Constitutionalism /
_cWilliam G Andrews
260 _bAffiliated East West Press,
_c1971.
300 _a240p
650 _aPolitical Science
942 _cBK
_2ddc
_h342
_iAND/C
_k342
_mAND/C